Statistiques concernant Philosophes par citations et ouvrages

Cliquez ici pour prendre le quiz!

Statistiques générales

  • Ce quiz a été pris 2 107 fois
    (2 104 depuis la dernière actualisation)
  • Le résultat moyen est 9 sur 20

Statistiques - réponses

CitationOuvragePhilosophe% Correct
Je pense donc je suisRené Descartes
93%
CandideVoltaire
78%
Manifeste du Parti CommunisteKarl Marx
75%
On ne naît pas femme, on le devientSimone de Beauvoir
68%
Ce que je sais, c'est que je ne sais rienSocrate
66%
La RépubliquePlaton
63%
L'interprétation du rêveSigmund Freud
59%
Critique de la raison pureEmmanuel Kant
58%
L'existentialisme est un humanismeJean-Paul Sartre
55%
Le coeur a ses raisons que la raison ne connaît pointBlaise Pascal
50%
Ainsi parlait ZarathoustraFriedrich Nietzsche
50%
Le LéviathanThomas Hobbes
50%
Ethique à NicomaqueAristote
43%
La vie oscille, tel un pendule, de l'ennui à la souffranceArthur Schopenhauer
36%
Science sans conscience n'est que ruine de l'âmeFrançois Rabelais
20%
L'Homme n'est pas un empire dans un empireBaruch Spinoza
16%
Traité de la nature humaineDavid Hume
13%
Tout n'est pas politique, mais la politique s'intéresse à toutNicolas Machiavel
12%
Le barbare, c'est d'abord l'homme qui croit à la barbarieClaude Lévi-Strauss
11%
Celui qui cherche la sagesse est un sage, celui qui croit l'avoir trouvée est un fouSénèque
4%

Distribution des résultats

Percentile par nombre de réponses

% des personnes avec chaque résultat

Votre développement - résultats

Vous n’avez pas pris ce quiz depuis la dernière actualisation